Statystyki dla Dyscypliny olimpijskie 2022

Kliknij tutaj aby rozwiązać quiz!

Ogólne statystyki

  • Ten quiz został rozwiązany 66 razy
  • Średni wynik to 10 z 15

Statystyki odpowiedzi

Dyscyplina% Poprawnych
Skoki narciarskie
100%
Łyżwiarstwo figurowe
89%
Biegi narciarskie
85%
Łyżwiarstwo szybkie
85%
Biathlon
84%
Hokej na lodzie
79%
Kombinacja norweska
74%
Curling
66%
Bobsleje
65%
Narciarstwo alpejskie
65%
Saneczkarstwo
60%
Short Track
45%
Skeleton
37%
Snowboarding
34%
Narciarstwo dowolne
26%

Rozkład punktacji

Percentyl według liczby udzielonych odpowiedzi

Procent ludzi z każdym wynikiem

Twoja historia wyników

Nie rozwiązałeś tego quizu